| 000 | 01072nas a2200337 4500 | ||
|---|---|---|---|
| 001 | BR8400951 | ||
| 003 | BR-BrBNA | ||
| 005 | 20231205085815.0 | ||
| 007 | ta | ||
| 008 | 230509b bl.|||p| |||| 00| 00por d | ||
| 040 |
_aBR-BrBNA _bpor _cBiblioteca Nacional de Agricultura |
||
| 041 | _a(Pt) | ||
| 072 | _aF60; H60; F00 | ||
| 100 | 1 | _aCosta, N.P. da | |
| 100 | 1 | _aFranca Neto, J. de B. | |
| 100 | 1 | _aPereira, L.A.G. | |
| 100 | 1 | _aHenning, A.A. | |
| 100 | 1 | _aTurkiewicz, L. | |
| 100 | 1 | _aDias, M.C. de L. | |
| 245 | 1 | _aAntecipacao de colheita de sementes de soja atraves do uso de dessecantes [Glycine max, herbicida] | |
| 246 | 1 | _aHarvest anticipation of soybean seed by the use of preharvest desiccants [Glycine max, herbicide] | |
| 650 | _aSOJA | ||
| 650 | _aSEMENTE | ||
| 650 | _aGERMINACAO | ||
| 650 | _aHERBICIDA | ||
| 650 | _aCOLHEITA | ||
| 650 | _aDESSECANTE | ||
| 773 | 0 |
_tRevista Brasileira de Sementes (Brazil) _xISSN 0101-3122 _g(1983), v. 5(3) p. 183-198 _wBR8400951 |
|
| 909 |
_a202311 _bLúcia _c55 _dLúcia Elande |
||
| 942 |
_2AGRIS _n0 _cANA |
||
| 999 |
_c113950 _d113950 |
||